| 000 | 00525nam a22001937a 4500 | ||
|---|---|---|---|
| 003 | OSt | ||
| 005 | 20140310181946.0 | ||
| 008 | 130725t xxu||||| |||| 00| 0 eng d | ||
| 050 |
_aPR 4622 _b.D754 1994 |
||
| 082 |
_aCLA D77s _b1994 |
||
| 100 |
_aDoyle, Arthur Conan _93560 |
||
| 245 |
_aThe sign of the four / _cArthur Conan Doyle. |
||
| 260 |
_aNew York : _bBook of the Month Club, _cc1994. |
||
| 300 |
_a125 p. : _c21 cm. |
||
| 541 | _j1 | ||
| 562 | _e1 | ||
| 650 |
_aClassics. _92808 |
||
| 942 |
_2lcc _cBBK _kCLA |
||
| 999 |
_c7777 _d7777 |
||